[Event "21st Dubai Open 2019"]
[Site "Dubai UAE"]
[Date "2019.04.03"]
[Round "3.29"]
[White "Iniyan, P"]
[Black "Thrish, Karthik"]
[Result "1-0"]
[WhiteTitle "IM"]
[WhiteElo "2487"]
[BlackElo "2096"]
[WhiteFideId "25002767"]
[BlackFideId "46626433"]
[EventDate "2019.04.01"]

1. d4 d5 2. c4 dxc4 3. e3 e5 4. Bxc4 exd4 5. exd4 Bd6 6. Nf3 Nf6 7. O-O O-O 8.
Nc3 Bg4 9. h3 Bh5 10. g4 Nxg4 11. hxg4 Bxg4 12. Qd3 Qf6 13. Ne5 Bxe5 14. Nd5 Qh4
15. dxe5 Nc6 16. Bf4 Nd4 17. Qg3 Qxg3+ 18. fxg3 c6 19. Ne3 Be6 20. Bxe6 fxe6 21.
Rad1 Rad8 22. Kg2 h6 23. g4 g5 24. Bh2 c5 25. Rxf8+ Rxf8 26. Nc4 b5 27. Nd6 Nc2
28. Bg1 Rf4 29. Kg3 Nb4 30. Be3 1-0

[Event "21st Dubai Open 2019"]
[Site "Dubai UAE"]
[Date "2019.04.03"]
[Round "3.30"]
[White "Shiva, Pavan Teja Sharma U"]
[Black "Akash, G"]
[Result "0-1"]
[BlackTitle "IM"]
[WhiteElo "2093"]
[BlackElo "2411"]
[WhiteFideId "35063537"]
[BlackFideId "5040299"]
[EventDate "2019.04.01"]

1. e4 c5 2. Nf3 d6 3. Bb5+ Nd7 4. O-O a6 5. Bxd7+ Bxd7 6. d4 cxd4 7. Qxd4 Rc8 8.
Nc3 e5 9. Qd3 h6 10. Be3 Nf6 11. h3 Be7 12. Rfd1 O-O 13. Rac1 Be6 14. b3 b5 15.
a4 Qc7 16. Bd2 b4 17. Ne2 Qb7 18. Ng3 Nd7 19. Nh2 Nc5 20. Qe2 Bh4 21. Nf5 Bxf5
22. exf5 Ne4 23. Be3 Bg5 24. Bxg5 hxg5 25. f6 Nxf6 26. Rxd6 Ne4 27. Rd3 Nc3 28.
Qd2 e4 29. Rd4 Qb6 30. Re1 Rcd8 31. Rxd8 Rxd8 32. Qxg5 Rd5 33. Qg4 f5 34. Qg5
Kh7 35. Nf1 Qg6 36. Qh4+ Qh6 37. Qe7 Qd6 38. Qe8 Re5 39. Qf7 Qe7 40. Qc4 Qd6 41.
Qf7 Qe6 42. Qb7 a5 43. Ne3 f4 44. Ng4 Rg5 45. Qc7 Qf5 46. Qd6 f3 47. gxf3 exf3
48. Qd3 Qxd3 49. cxd3 Rd5 50. Re3 Ne2+ 51. Kh2 Nd4 52. Ne5 Nxb3 53. Nc4 Nd4 54.
Re4 Ne2 55. Re3 Rf5 56. Nd2 Nc3 57. d4 Nxa4 58. Kg3 Nc3 59. Nxf3 a4 60. Nd2 Rd5
61. Rd3 Rxd4 62. Rxd4 Ne2+ 63. Kf3 Nxd4+ 64. Ke4 Nb3 0-1

[Event "21st Dubai Open 2019"]
[Site "Dubai UAE"]
[Date "2019.04.03"]
[Round "3.31"]
[White "Sundararajan, Kidambi"]
[Black "Kejzar, Petra"]
[Result "1-0"]
[WhiteTitle "GM"]
[WhiteElo "2413"]
[BlackElo "2082"]
[WhiteFideId "5005370"]
[BlackFideId "14610213"]
[EventDate "2019.04.01"]

1. d4 Nf6 2. c4 e6 3. Nf3 b6 4. Nc3 Bb7 5. a3 d5 6. Bg5 h6 7. Bxf6 Qxf6 8. cxd5
exd5 9. Qb3 Qe6 10. e4 Be7 11. Ne5 O-O 12. exd5 Qc8 13. Bd3 c6 14. O-O Qd8 15.
Be4 Qd6 16. Rfe1 Bg5 17. Qb4 Rd8 18. dxc6 Nxc6 19. Qxd6 Rxd6 20. Nb5 Rf6 21. g3
a6 22. Nc7 Ra7 23. f4 Bxf4 24. gxf4 Nxd4 25. Rad1 Bxe4 26. Rxd4 Rxf4 27. Nd5 1-0

[Event "21st Dubai Open 2019"]
[Site "Dubai UAE"]
[Date "2019.04.03"]
[Round "3.32"]
[White "Dimarucut, Francis Erwin"]
[Black "Manush, Shah"]
[Result "1/2-1/2"]
[BlackTitle "FM"]
[WhiteElo "2077"]
[BlackElo "2405"]
[WhiteFideId "5209277"]
[BlackFideId "5040680"]
[EventDate "2019.04.01"]

1. d4 d5 2. c4 c6 3. cxd5 cxd5 4. Nc3 Nf6 5. Bf4 Nc6 6. e3 a6 7. Nf3 Bg4 8. Be2
e6 9. Ne5 Bxe2 10. Qxe2 Nxe5 11. Bxe5 Be7 12. O-O O-O 13. Rfc1 Rc8 14. Rc2 Nd7
15. Bg3 Nb6 16. Rac1 Qd7 17. Nd1 Rxc2 18. Rxc2 Rc8 19. h3 Rc6 20. Qd2 Nc4 21.
Qe2 Qc8 22. b3 Na3 23. Rxc6 Qxc6 24. Nb2 Qc1+ 25. Kh2 Qc2 26. Qxc2 Nxc2 27. Nd3
Nb4 28. Nxb4 Bxb4 29. Kg1 Kf8 30. Kf1 Ke7 31. Ke2 Kd7 32. Kd3 Kc6 33. f3 Ba3 34.
Be1 Kb5 35. g4 a5 36. h4 a4 37. Kc2 Be7 38. h5 g6 39. Kd3 gxh5 40. gxh5 f5 41.
e4 axb3 42. axb3 Bg5 43. exf5 exf5 44. Kc3 Bf4 45. Bh4 Bc7 46. Be7 Ba5+ 47. Kd3
Bb4 48. Bf6 Bd6 49. Kc3 Bg3 50. Be7 Be1+ 51. Kd3 Bb4 52. Bf6 Bd6 53. Kc3 Bg3 54.
Be7 1/2-1/2

[Event "21st Dubai Open 2019"]
[Site "Dubai UAE"]
[Date "2019.04.03"]
[Round "3.33"]
[White "Raja, Rithvik R"]
[Black "Mrudul, Dehankar"]
[Result "1-0"]
[WhiteTitle "IM"]
[BlackTitle "WCM"]
[WhiteElo "2423"]
[BlackElo "2078"]
[WhiteFideId "35007394"]
[BlackFideId "25096990"]
[EventDate "2019.04.01"]

1. c4 e5 2. Nc3 Nf6 3. Nf3 Nc6 4. e3 Bb4 5. Qc2 Bxc3 6. bxc3 d6 7. e4 O-O 8. g3
Qe7 9. d3 Nh5 10. Be2 g6 11. Bh6 Ng7 12. h4 f6 13. Kf1 Nd8 14. Kg2 Nf7 15. Be3
b6 16. Nd2 Bb7 17. h5 g5 18. h6 Nf5 19. Bf3 Nxe3+ 20. fxe3 Bc8 21. Raf1 Nh8 22.
Qd1 Qe6 23. Rf2 Ng6 24. Nf1 g4 25. Be2 f5 26. exf5 Rxf5 27. Rxf5 Qxf5 28. e4 Qg5
29. Qd2 Qxd2 30. Nxd2 Nh8 31. Nf1 a6 32. Ne3 c6 33. Nxg4 Bxg4 34. Bxg4 Ng6 35.
Rf1 Nf8 36. Rf6 Rd8 37. a4 b5 38. cxb5 axb5 39. axb5 cxb5 40. Bf5 d5 41. Rb6 d4
42. cxd4 Rxd4 43. Rxb5 Rxd3 44. g4 Rd6 45. g5 Ne6 46. Bxe6+ Rxe6 47. Kg3 Kf7 48.
Kg4 Ra6 49. Rb7+ Kg8 50. Rb8+ Kf7 51. Rh8 Ra1 52. Rxh7+ Kg8 53. Re7 Rg1+ 54. Kf5
Rf1+ 55. Kg6 1-0

[Event "21st Dubai Open 2019"]
[Site "Dubai UAE"]
[Date "2019.04.03"]
[Round "3.34"]
[White "Sri, Sai Baswanth P"]
[Black "Hedman, Erik"]
[Result "0-1"]
[BlackTitle "FM"]
[WhiteElo "2018"]
[BlackElo "2385"]
[WhiteFideId "25088793"]
[BlackFideId "1702351"]
[EventDate "2019.04.01"]

1. e4 c6 2. d4 d5 3. exd5 cxd5 4. Bd3 Nc6 5. c3 Qc7 6. Ne2 Bg4 7. O-O e6 8. Qe1
Nf6 9. f3 Bh5 10. Qh4 Bg6 11. Bxg6 fxg6 12. Nf4 Kf7 13. g4 h6 14. Nd3 Bd6 15. f4
g5 16. Qe1 Rae8 17. Ne5+ Kg8 18. h3 gxf4 19. Bxf4 Ne4 20. Ng6 e5 21. dxe5 Nxe5
22. Nxe5 Bxe5 23. Qe3 h5 24. Qd3 Qd6 25. Qb5 Rf8 26. Bxe5 Rxf1+ 27. Qxf1 Qxe5
28. Qg2 hxg4 29. hxg4 Ng3 30. Qf2 Ne2+ 0-1

[Event "21st Dubai Open 2019"]
[Site "Dubai UAE"]
[Date "2019.04.03"]
[Round "3.35"]
[White "Salem, Ahmed Salem"]
[Black "Saurabh, Anand"]
[Result "0-1"]
[WhiteElo "2069"]
[BlackElo "2385"]
[WhiteFideId "9307796"]
[BlackFideId "5094496"]
[EventDate "2019.04.01"]

1. e4 e5 2. Nf3 Nc6 3. d4 exd4 4. Nxd4 Nf6 5. Nxc6 bxc6 6. e5 Qe7 7. Qe2 Nd5 8.
c4 Nb6 9. Nd2 Qe6 10. b3 Bb4 11. Bb2 O-O 12. O-O-O Qe7 13. h4 a5 14. g4 Ba3 15.
Qe4 Qb4 16. Kb1 Bxb2 17. Kxb2 Na4+ 18. Kc1 Qa3+ 19. Kc2 Qxa2+ 0-1

[Event "21st Dubai Open 2019"]
[Site "Dubai UAE"]
[Date "2019.04.03"]
[Round "3.36"]
[White "Dhulipalla, Bala Chandra Prasad"]
[Black "Concio, Michael Jr."]
[Result "1-0"]
[WhiteTitle "IM"]
[WhiteElo "2384"]
[BlackElo "2082"]
[WhiteFideId "25005812"]
[BlackFideId "5217873"]
[EventDate "2019.04.01"]

1. d4 Nf6 2. Nf3 e6 3. Bf4 d5 4. e3 Bd6 5. Bg3 O-O 6. Nbd2 b6 7. c3 Bb7 8. Qb1
Ne4 9. Nxe4 dxe4 10. Nd2 f5 11. a4 Nd7 12. a5 g5 13. Bxd6 cxd6 14. Bb5 Nf6 15.
a6 Bc8 16. f3 Bd7 17. Bxd7 Qxd7 18. fxe4 Ng4 19. O-O Nxe3 20. Re1 f4 21. Nf1
Nxf1 22. Rxf1 Qb5 23. h3 Rae8 24. Rf2 e5 25. Qa2+ Rf7 26. Rd1 Kg7 27. dxe5 Rxe5
28. Rxd6 Qc5 29. Rd5 Rxd5 30. Qxd5 Qe7 31. Qd4+ Kg6 32. Rd2 Rf6 33. e5 Re6 34.
Qe4+ Kh6 35. Rd5 Rc6 36. Qd3 Kh5 37. b4 g4 38. hxg4+ Kxg4 39. e6 1-0

[Event "21st Dubai Open 2019"]
[Site "Dubai UAE"]
[Date "2019.04.03"]
[Round "3.37"]
[White "Mohammed, Dilshad"]
[Black "Rathnakaran, K."]
[Result "1-0"]
[BlackTitle "IM"]
[WhiteElo "2006"]
[BlackElo "2361"]
[WhiteFideId "5050421"]
[BlackFideId "5005507"]
[EventDate "2019.04.01"]

1. Nf3 g6 2. g3 Bg7 3. d4 d6 4. Bg2 Nd7 5. O-O e5 6. dxe5 dxe5 7. Nc3 Ngf6 8. a4
O-O 9. a5 a6 10. Bg5 h6 11. Bxf6 Qxf6 12. Nd5 Qd8 13. e4 Re8 14. Qe2 c6 15. Ne3
b5 16. axb6 Nxb6 17. Rfd1 Qc7 18. Nc4 Nxc4 19. Qxc4 Rb8 20. Qc3 Bf8 21. b3 Bb4
22. Qe3 Kg7 23. Bf1 a5 24. h3 Re6 25. c3 Be7 26. Bc4 Rf6 27. Kg2 Bd8 28. Ra2 Qe7
29. Rxd8 Qxd8 30. Nxe5 Qd1 31. f4 Rxb3 32. Bxb3 Qxb3 33. Rd2 a4 34. Qc5 Qe6 35.
f5 Qe8 36. g4 g5 37. Nf3 h5 38. e5 Rh6 39. f6+ Kg6 40. e6 1-0

[Event "21st Dubai Open 2019"]
[Site "Dubai UAE"]
[Date "2019.04.03"]
[Round "3.38"]
[White "Parthasarathy, R"]
[Black "Quizon, Daniel"]
[Result "0-1"]
[BlackTitle "IM"]
[WhiteElo "1989"]
[BlackElo "2268"]
[WhiteFideId "5073227"]
[BlackFideId "5217911"]
[EventDate "2019.04.01"]

1. e4 c5 2. Nf3 e6 3. b3 d6 4. Bb2 Nd7 5. c4 Ngf6 6. Bd3 Be7 7. O-O O-O 8. Bc2
a6 9. Nc3 b6 10. d4 cxd4 11. Qxd4 Bb7 12. Rad1 Qc7 13. Bb1 Rfd8 14. h3 Rac8 15.
Qe3 Bf8 16. Nd4 Qb8 17. Rfe1 Re8 18. Qg3 Qa8 19. Qh4 Ne5 20. Qg3 Ng6 21. Qe3 Qb8
22. Nde2 d5 23. cxd5 exd5 24. Ng3 dxe4 25. Nf5 Qe5 26. Qxb6 Qxf5 27. Qxb7 Bc5
28. Kh1 Qxf2 29. Re2 Qg3 30. Nxe4 Nxe4 31. Bxe4 Bd6 32. Kg1 Qh2+ 33. Kf2 Bc5+
34. Bd4 Bxd4+ 35. Rxd4 Qf4+ 36. Ke1 Rc1+ 37. Rd1 Qg3+ 38. Kd2 Qc3# 0-1

[Event "21st Dubai Open 2019"]
[Site "Dubai UAE"]
[Date "2019.04.04"]
[Round "4.2"]
[White "Yeoh, Li Tian"]
[Black "Kuzubov, Yuriy"]
[Result "1/2-1/2"]
[WhiteTitle "IM"]
[BlackTitle "GM"]
[WhiteElo "2522"]
[BlackElo "2644"]
[WhiteFideId "5702895"]
[BlackFideId "14112906"]
[EventDate "2019.04.01"]

1. e4 e5 2. Nf3 Nf6 3. Nc3 Nc6 4. Bb5 Nd4 5. Nxd4 exd4 6. e5 dxc3 7. exf6 Qxf6
8. dxc3 Qe5+ 9. Qe2 Qxe2+ 10. Kxe2 c6 11. Bd3 d5 12. Re1 Be6 13. Bf4 O-O-O 14.
Kf1 Bd6 15. Bxd6 Rxd6 16. Re5 Kd8 17. Rae1 g6 18. f4 Re8 19. Kf2 Bd7 20. Rxe8+
Bxe8 21. g3 Bd7 22. c4 dxc4 23. Bxc4 Bg4 24. Bd3 c5 25. b3 Be6 26. Ke3 Ke7 27.
Kd2 b6 28. a4 Rd4 29. Kc3 Kd6 30. Re3 Kd7 1/2-1/2

[Event "21st Dubai Open 2019"]
[Site "Dubai UAE"]
[Date "2019.04.04"]
[Round "4.3"]
[White "Indjic, Aleksandar"]
[Black "Kuybokarov, Temur"]
[Result "1-0"]
[WhiteTitle "GM"]
[BlackTitle "GM"]
[WhiteElo "2620"]
[BlackElo "2519"]
[WhiteFideId "911925"]
[BlackFideId "14203049"]
[EventDate "2019.04.01"]

1. d4 Nf6 2. c4 e6 3. Nc3 Bb4 4. Nf3 O-O 5. Qc2 d5 6. a3 Bxc3+ 7. bxc3 c5 8.
cxd5 exd5 9. e3 Qa5 10. dxc5 Qxc5 11. a4 Bf5 12. Bd3 Bxd3 13. Qxd3 Rc8 14. Bb2
Nbd7 15. O-O Qa5 16. Nd4 Rc4 17. Qf5 Nc5 18. Ba3 Nce4 19. Bb4 Qd8 20. Qe5 Qd7
21. a5 Re8 22. Qf5 Qxf5 23. Nxf5 g6 24. Nd4 Nxc3 25. Bxc3 Rxc3 26. Rfb1 Re7 27.
Nb5 Rc2 28. Rc1 Rxc1+ 29. Rxc1 a6 30. Nd4 Ne8 31. Rc8 Kf8 32. g4 Rc7 33. Rb8 Ke7
34. h4 Nf6 35. g5 Nd7 36. Ra8 f6 37. Rh8 Rc1+ 38. Kg2 Nf8 39. gxf6+ Kf7 40. Nf3
h6 41. h5 gxh5 42. Rxh6 Ng6 43. Rh7+ Kxf6 44. Rxb7 Ne5 45. Rb6+ Kf5 46. Nd4+ Ke4
47. Re6 Rc8 48. Kf1 1-0

[Event "21st Dubai Open 2019"]
[Site "Dubai UAE"]
[Date "2019.04.04"]
[Round "4.4"]
[White "Vokhidov, Shamsiddin"]
[Black "Abdusattorov, Nodirbek"]
[Result "1/2-1/2"]
[WhiteTitle "IM"]
[BlackTitle "GM"]
[WhiteElo "2494"]
[BlackElo "2560"]
[WhiteFideId "14204223"]
[BlackFideId "14204118"]
[EventDate "2019.04.01"]

1. e4 c5 2. Nf3 d6 3. d4 cxd4 4. Qxd4 Nc6 5. Qe3 g6 6. Be2 Bg7 7. O-O Nf6 8. Rd1
O-O 9. h3 Qb6 10. Qxb6 axb6 11. Nc3 Be6 12. a3 Nd7 13. Nd5 Nc5 14. Bb5 Ra7 15.
Nxb6 Nxe4 16. Rb1 f5 17. Nd5 Bxd5 18. Rxd5 e6 19. Rd1 Ra5 20. Bf1 d5 21. Be3 b5
22. c3 f4 23. Bd2 g5 24. Re1 Ne5 25. Nxe5 Bxe5 26. Rbd1 Bg7 27. Bc1 Rf6 28. b4
Ra7 29. Rxe4 dxe4 30. Bxb5 e3 31. fxe3 fxe3 32. a4 e2 33. Bxe2 Rxa4 34. Bxg5 Rf5
35. h4 Bxc3 36. Bg4 Re5 37. Bf6 Re4 38. Bxe6+ Rxe6 39. Bxc3 Ra3 40. Rd8+ Kf7 41.
Rc8 Ra2 42. Rc7+ Kf8 43. Rc8+ Ke7 44. Rg8 Rc2 1/2-1/2

[Event "21st Dubai Open 2019"]
[Site "Dubai UAE"]
[Date "2019.04.04"]
[Round "4.5"]
[White "Pichot, Alan"]
[Black "Raghunandan, Kaumandur Srihari"]
[Result "0-1"]
[WhiteTitle "GM"]
[BlackTitle "IM"]
[WhiteElo "2584"]
[BlackElo "2352"]
[WhiteFideId "110973"]
[BlackFideId "25004964"]
[EventDate "2019.04.01"]

1. d4 Nf6 2. Nf3 g6 3. g3 Bg7 4. Bg2 O-O 5. O-O d6 6. b3 e5 7. dxe5 dxe5 8. Ba3
Qxd1 9. Rxd1 Re8 10. c4 e4 11. Nd4 Ng4 12. Nc3 e3 13. Nd5 Na6 14. Ne7+ Kh8 15.
f4 Nf2 16. Nxc8 Raxc8 17. Bxb7 Nxd1 18. Rxd1 Rcd8 19. Bd5 Nb8 20. Bc5 c6 21. Bf3
Rd7 22. Rd3 Na6 23. Bxc6 Nxc5 24. Bxd7 Nxd3 25. Bxe8 Bxd4 26. Bxf7 Nc1 27. Kf1
Kg7 28. Bd5 Nxa2 29. Be4 Kf6 30. Bc2 Ke7 31. Kg2 Kd6 32. Kf3 Kc5 33. Ke4 Nc1 34.
Bd1 a5 35. g4 Bc3 36. Kxe3 Kb4 37. Ke4 Nxb3 38. Bxb3 Kxb3 39. c5 a4 40. c6 Ba5
41. f5 a3 42. f6 a2 43. f7 a1=Q 44. f8=Q Qa4+ 45. Ke5 Bc3+ 46. Ke6 Qxg4+ 47. Kf7
Qc4+ 48. Ke8 Qxc6+ 49. Kf7 Qc4+ 0-1

[Event "21st Dubai Open 2019"]
[Site "Dubai UAE"]
[Date "2019.04.04"]
[Round "4.6"]
[White "Le, Quang Liem"]
[Black "Vishnu Prasanna, V"]
[Result "1-0"]
[WhiteTitle "GM"]
[BlackTitle "GM"]
[WhiteElo "2715"]
[BlackElo "2524"]
[WhiteFideId "12401137"]
[BlackFideId "5030692"]
[EventDate "2019.04.01"]

1. e4 e5 2. Nf3 Nc6 3. Bb5 a6 4. Ba4 Nf6 5. O-O Be7 6. Re1 b5 7. Bb3 d6 8. c3
O-O 9. h3 Bb7 10. d4 Re8 11. Nbd2 Bf8 12. d5 Nb8 13. Nf1 Nbd7 14. N3h2 Nc5 15.
Bc2 c6 16. b4 Ncd7 17. dxc6 Bxc6 18. Bg5 h6 19. Bxf6 Nxf6 20. Ng4 Nxg4 21. Qxg4
Qc7 22. Bb3 Bd7 23. Qf3 Be6 24. Rac1 Be7 25. Rc2 Bg5 26. Rd1 a5 27. Qd3 Bxb3 28.
axb3 a4 29. bxa4 bxa4 30. Ra2 Rec8 31. Ra3 Qc4 32. Qf3 Qe6 33. Rda1 Ra7 34. Kh2
g6 35. Ne3 Bf4+ 36. Kg1 Bxe3 37. Qxe3 Rac7 38. Qxh6 Rc4 39. Rxa4 Rxc3 40. Ra8
Rc4 41. b5 Rxe4 42. b6 Rb4 43. R1a4 Rxa4 44. Rxa4 e4 45. Qe3 Rb8 46. Rxe4 Qc8
47. Qd4 1-0

[Event "21st Dubai Open 2019"]
[Site "Dubai UAE"]
[Date "2019.04.04"]
[Round "4.7"]
[White "Mareco, Sandro"]
[Black "Harsha, Bharathakoti"]
[Result "1-0"]
[WhiteTitle "GM"]
[BlackTitle "GM"]
[WhiteElo "2666"]
[BlackElo "2497"]
[WhiteFideId "112275"]
[BlackFideId "5078776"]
[EventDate "2019.04.01"]

1. e4 c5 2. Nf3 d6 3. Bb5+ Nc6 4. O-O Bd7 5. Re1 Nf6 6. h3 a6 7. Bf1 g5 8. d4 g4
9. d5 gxf3 10. dxc6 Bxc6 11. Qxf3 Nd7 12. Nc3 e6 13. Qg3 h5 14. Bg5 h4 15. Qe3
Be7 16. Bf4 Bf6 17. Qd2 Be5 18. Rad1 Rg8 19. Bxe5 dxe5 20. Nd5 Rc8 21. Ne3 Qg5
22. Qc3 Bxe4 23. Ng4 Bc6 24. f3 Rd8 25. Nxe5 Nxe5 26. Rxd8+ Kxd8 27. Rxe5 Qf4
28. Rxc5 Qxf3 29. Qxf3 Bxf3 30. Rc4 Bd5 31. Rxh4 Bxa2 32. b3 Bb1 33. Bd3 Kd7 34.
Rd4+ Ke7 35. Ra4 Rd8 36. Ra1 Rxd3 37. cxd3 Bxd3 38. Kf2 f5 39. g3 e5 40. Ke3 Bb5
41. Rc1 Bc6 42. h4 Kf6 43. Rc5 Bg2 44. Rc8 Bd5 45. b4 Bc6 46. Kf2 Kg6 47. Rd8
Kf6 48. Rf8+ Kg6 49. h5+ Kg5 50. h6 Kxh6 51. Rxf5 1-0

[Event "21st Dubai Open 2019"]
[Site "Dubai UAE"]
[Date "2019.04.04"]
[Round "4.8"]
[White "Iturrizaga Bonelli, Eduardo"]
[Black "Sadhwani, Raunak"]
[Result "1/2-1/2"]
[WhiteTitle "GM"]
[BlackTitle "IM"]
[WhiteElo "2639"]
[BlackElo "2455"]
[WhiteFideId "3901211"]
[BlackFideId "35093487"]
[EventDate "2019.04.01"]

1. c4 Nf6 2. Nc3 g6 3. g3 Bg7 4. Bg2 O-O 5. d4 c5 6. dxc5 Na6 7. Nf3 Nxc5 8. Nd4
d6 9. O-O Bd7 10. b3 Rc8 11. Bb2 Qb6 12. e4 Na4 13. Nxa4 Bxa4 14. Qe2 Bd7 15. e5
dxe5 16. Qxe5 Rfe8 17. Rac1 Ng4 18. Qe4 e5 19. Nb5 Rb8 20. a4 f5 21. c5 Qe6 22.
Qc2 Bxb5 23. axb5 e4 24. Bxg7 Kxg7 25. f3 Nf6 26. fxe4 fxe4 27. Qc3 Qe5 28. Qxe5
Rxe5 29. Rc4 Rc8 30. b4 b6 1/2-1/2

[Event "21st Dubai Open 2019"]
[Site "Dubai UAE"]
[Date "2019.04.04"]
[Round "4.9"]
[White "Sethuraman, S.P."]
[Black "Tokhirjonova, Gulrukhbegim"]
[Result "1-0"]
[WhiteTitle "GM"]
[BlackTitle "WGM"]
[WhiteElo "2637"]
[BlackElo "2434"]
[WhiteFideId "5021596"]
[BlackFideId "14203626"]
[EventDate "2019.04.01"]

1. e4 e5 2. Nf3 Nc6 3. Bb5 Nf6 4. d3 Bc5 5. Bxc6 dxc6 6. Nbd2 Be6 7. O-O Bd6 8.
b3 Nd7 9. Nc4 Bxc4 10. bxc4 O-O 11. Bg5 Be7 12. Be3 c5 13. c3 Re8 14. Qc2 Bf6
15. g3 b6 16. Nd2 Nf8 17. f4 Qd7 18. Nf3 exf4 19. gxf4 Ng6 20. e5 Qf5 21. Nd2
Nh4 22. Ne4 Qh3 23. Qe2 Bd8 24. Kh1 f6 25. d4 cxd4 26. cxd4 Be7 27. d5 fxe5 28.
fxe5 Rf8 29. Bf4 Rae8 30. e6 Bd8 31. Rad1 a6 32. a4 h5 33. Bg5 Bxg5 34. Nxg5 Qg4
35. Qxg4 hxg4 36. Rf7 Rc8 37. Rd4 Nf3 38. Nxf3 gxf3 39. Rdf4 Rxf7 40. Rxf7 b5
41. axb5 axb5 42. cxb5 Rd8 43. Rxf3 Kh7 44. e7 Re8 45. Re3 Kg6 46. b6 1-0

[Event "21st Dubai Open 2019"]
[Site "Dubai UAE"]
[Date "2019.04.04"]
[Round "4.10"]
[White "Deepan, Chakkravarthy J."]
[Black "Can, Emre"]
[Result "1-0"]
[WhiteTitle "GM"]
[BlackTitle "GM"]
[WhiteElo "2534"]
[BlackElo "2586"]
[WhiteFideId "5011132"]
[BlackFideId "6302181"]
[EventDate "2019.04.01"]

1. e4 c5 2. Nf3 d6 3. d4 cxd4 4. Nxd4 Nf6 5. Nc3 a6 6. Be2 e5 7. Nb3 Be7 8. O-O
O-O 9. Kh1 b6 10. f3 Bb7 11. Be3 b5 12. a4 b4 13. Nd5 Nxd5 14. exd5 Nd7 15. c3
bxc3 16. bxc3 Bg5 17. Bxg5 Qxg5 18. Rb1 Qd8 19. c4 Qc7 20. c5 Nxc5 21. Nxc5 dxc5
22. a5 Qd7 23. Qc2 c4 24. Bxc4 Rfc8 25. Qa2 Rc7 26. Rfd1 Rac8 27. Rxb7 Rxb7 28.
Bxa6 Rbc7 29. Bxc8 Qxc8 30. d6 Rd7 31. h3 Qa6 32. Qd5 1-0

[Event "21st Dubai Open 2019"]
[Site "Dubai UAE"]
[Date "2019.04.04"]
[Round "4.11"]
[White "Bellahcene, Bilel"]
[Black "Assaubayeva, Bibisara"]
[Result "1-0"]
[WhiteTitle "GM"]
[BlackTitle "FM"]
[WhiteElo "2560"]
[BlackElo "2376"]
[WhiteFideId "696358"]
[BlackFideId "13708694"]
[EventDate "2019.04.01"]

1. e4 e5 2. Nf3 Nc6 3. Bb5 a6 4. Ba4 Nf6 5. O-O Be7 6. Re1 b5 7. Bb3 d6 8. c3
O-O 9. a4 Bb7 10. d4 Na5 11. Bc2 exd4 12. cxd4 c5 13. d5 Nc4 14. b3 Nb6 15. h3
bxa4 16. bxa4 a5 17. Na3 Ba6 18. Rb1 Nfd7 19. Nb5 Nc4 20. Qe2 Nce5 21. Nd2 Bg5
22. g3 Bxd2 23. Bxd2 c4 24. f4 Nd3 25. Bxd3 cxd3 26. Qxd3 Nc5 27. Qd4 Qd7 28. f5
Rfb8 29. e5 Qxf5 30. exd6 Nd7 31. Bf4 Nf6 32. g4 Qxd5 33. Qxd5 Nxd5 34. Bg3 Rd8
35. Nc7 Nxc7 36. dxc7 Rf8 37. Rb8 Bc4 38. Rd1 1-0

[Event "21st Dubai Open 2019"]
[Site "Dubai UAE"]
[Date "2019.04.04"]
[Round "4.12"]
[White "Chanda, Sandipan"]
[Black "Debashis, Das"]
[Result "1/2-1/2"]
[WhiteTitle "GM"]
[BlackTitle "GM"]
[WhiteElo "2534"]
[BlackElo "2532"]
[WhiteFideId "5004225"]
[BlackFideId "5024854"]
[EventDate "2019.04.01"]

1. e4 e5 2. Nf3 Nf6 3. Nxe5 d6 4. Nf3 Nxe4 5. d4 d5 6. Bd3 Be7 7. O-O Nc6 8.
Nbd2 Bf5 9. Re1 Nxd2 10. Qxd2 Bxd3 11. Qxd3 O-O 12. c3 a6 13. Bf4 Bd6 14. Ng5 g6
15. Qh3 h5 16. Qg3 Bxf4 17. Qxf4 Qd7 18. Nf3 Kg7 19. Ne5 Nxe5 20. Rxe5 Rae8 21.
Rae1 Rxe5 22. Qxe5+ f6 23. Qe3 Rf7 24. h4 Rf8 25. g3 Rf7 26. Kg2 Rf8 27. b3 Rf7
28. f3 Rf8 29. Re2 Rf7 30. Qe6 Qxe6 31. Rxe6 Rf8 32. Re7+ Rf7 33. Re8 Rf8 34.
Rxf8 Kxf8 35. g4 hxg4 36. fxg4 g5 37. Kg3 Kg7 38. hxg5 fxg5 39. c4 dxc4 40. bxc4
b5 41. cxb5 axb5 42. Kf3 Kf6 43. Ke4 c6 44. a3 1/2-1/2

[Event "21st Dubai Open 2019"]
[Site "Dubai UAE"]
[Date "2019.04.04"]
[Round "4.13"]
[White "Venkatesh, M.R."]
[Black "Yilmaz, Mustafa"]
[Result "1/2-1/2"]
[WhiteTitle "GM"]
[BlackTitle "GM"]
[WhiteElo "2517"]
[BlackElo "2636"]
[WhiteFideId "5005779"]
[BlackFideId "6302718"]
[EventDate "2019.04.01"]

1. e4 c5 2. Be2 Nc6 3. f4 d5 4. d3 e6 5. Nf3 Bd6 6. O-O Nge7 7. c4 Bc7 8. Be3 d4
9. Bd2 a6 10. Na3 h6 11. Qc1 f6 12. Nc2 g5 13. e5 Ng6 14. fxg5 hxg5 15. exf6 Nf4
16. f7+ Kf8 17. Rf2 Ne5 18. Nxe5 Bxe5 19. Bf1 Ne2+ 20. Bxe2 Bxh2+ 21. Kf1 Bg3
22. Kg1 Bh2+ 23. Kf1 Bg3 24. Kg1 1/2-1/2

[Event "21st Dubai Open 2019"]
[Site "Dubai UAE"]
[Date "2019.04.04"]
[Round "4.14"]
[White "Adly, Ahmed"]
[Black "Dhulipalla, Bala Chandra Prasad"]
[Result "1-0"]
[WhiteTitle "GM"]
[BlackTitle "IM"]
[WhiteElo "2611"]
[BlackElo "2384"]
[WhiteFideId "10601619"]
[BlackFideId "25005812"]
[EventDate "2019.04.01"]

1. Nf3 d5 2. g3 Bg4 3. Bg2 c6 4. O-O Nd7 5. d3 e6 6. c4 Ngf6 7. cxd5 exd5 8. h3
Bxf3 9. Bxf3 Bc5 10. Nc3 O-O 11. Bg2 Re8 12. Kh2 Bd6 13. e4 dxe4 14. dxe4 Nc5
15. Qc2 Be5 16. Rd1 Qc7 17. Be3 b6 18. Bxc5 bxc5 19. f4 Bxc3 20. bxc3 Rad8 21.
Rxd8 Rxd8 22. Rd1 g6 23. Rd2 Kg7 24. Qd1 Rxd2 25. Qxd2 Qa5 26. Bf3 c4 27. g4 Qc5
28. Kg2 h6 29. h4 g5 30. hxg5 hxg5 31. f5 Nh7 32. Qd4+ Qxd4 33. cxd4 Nf6 34. Kf2
Kf8 35. Ke2 Ke7 36. e5 Nd5 37. Kd2 f6 38. a3 Kf7 39. Be2 c3+ 40. Kc2 Ke7 41. Bf3 1-0